Collecting Lladró : (Record no. 22380)

000 -LEADER
fixed length control field 01130cam a22003014a 4500
001 - CONTROL NUMBER
control field 13613753
005 - DATE AND TIME OF LATEST TRANSACTION
control field 20170124090125.0
008 - FIXED-LENGTH DATA ELEMENTS--GENERAL INFORMATION
fixed length control field 040604s2003 wiua bc 001 0 eng
010 ## - LIBRARY OF CONGRESS CONTROL NUMBER
LC control number 2004273155
020 ## - INTERNATIONAL STANDARD BOOK NUMBER
International Standard Book Number 0873495861
042 ## - AUTHENTICATION CODE
Authentication code pcc
043 ## - GEOGRAPHIC AREA CODE
Geographic area code e-sp---
-- n-us---
050 00 - LIBRARY OF CONGRESS CALL NUMBER
Classification number NK4210.L39A4 2003
100 1# - MAIN ENTRY--PERSONAL NAME
Personal name Whiteneck, Peggy.
245 10 - TITLE STATEMENT
Title Collecting Lladró :
Remainder of title identification & price guide /
Statement of responsibility, etc. Peggy Whiteneck.
246 30 - VARYING FORM OF TITLE
Title proper/short title Lladró
250 ## - EDITION STATEMENT
Edition statement 2nd ed.
260 ## - PUBLICATION, DISTRIBUTION, ETC. (IMPRINT)
Place of publication, distribution, etc. Iola, WI :
Name of publisher, distributor, etc. Krause Publications,
Date of publication, distribution, etc. c2003.
300 ## - PHYSICAL DESCRIPTION
Extent 256 p. :
Other physical details col. ill. ;
Dimensions 28 cm.
504 ## - BIBLIOGRAPHY, ETC. NOTE
Bibliography, etc Includes bibliographical references (p. 240) and index.
610 20 - SUBJECT ADDED ENTRY--CORPORATE NAME
Corporate name or jurisdiction name as entry element Lladró, S.A.
Form subdivision Catalogs.
650 #0 - SUBJECT ADDED ENTRY--TOPICAL TERM
Topical term or geographic name as entry element Lladró figurines
General subdivision Collectors and collecting
Geographic subdivision United States
Form subdivision Catalogs.
942 ## - ADDED ENTRY ELEMENTS (KOHA)
Source of classification or shelving scheme
Koha item type Hard Covered Materials
Classification part NK4210.L39A4 2003
Holdings
Withdrawn status Lost status Source of classification or shelving scheme Damaged status Not for loan Home library Current library Shelving location Date acquired Source of acquisition Total Checkouts Full call number Barcode Date last seen Price effective from Koha item type
          MACHAKOS UNIVERSITY LIBRARY MACHAKOS UNIVERSITY LIBRARY Open shelf 24/01/2017 Donation(BFA)   NK4210.L39A4 2003 31114 24/01/2017 24/01/2017 Hard Covered Materials
© Machakos University Library, Along The Highway, Machakos Wote Rd, Machakos, Kenya P.O. Box 136 - 90100 Machakos - Kenya

Tel: ( +254 ) 723 805829 OR Fax : 044-20353 OR Email: library@mksu.ac.ke